| 000 | 00650nam a22001937a 4500 | ||
|---|---|---|---|
| 008 | 151021b xxu||||| |||| 00| 0 eng d | ||
| 020 | _a0314632638 | ||
| 041 | 0 | _aeng | |
| 080 | _a004.45 | ||
| 100 | 1 | _aMandell, Steven L. | |
| 245 | 1 | 0 |
_aComputers and data processing : _cSteven L. Mandell. |
| 250 | _a2nd ed. | ||
| 260 |
_aSt. Paul : _bWest Pub. Co., _c1982 |
||
| 300 |
_a686 f. in various pagings, [16] f. of plates : _bme il.; _c26 cm. |
||
| 650 | 0 | _aPërpunimi i të dhënave elektronike | |
| 650 | 0 | _aKompjuterat elektronikë digjital | |
| 650 | 0 | _aBASIC (Computer program language) | |
| 942 |
_2udc _cBK |
||
| 999 |
_c1326 _d1326 |
||